| 000 | 00387nam a2200145 a 4500 | ||
|---|---|---|---|
| 005 | 20140412111424.0 | ||
| 008 | 080201s19uu xx 00 eng d | ||
| 020 | _a0-06-054949-1 | ||
| 050 |
_aER _bPi59 2003 |
||
| 100 | _aHueli, Jodi | ||
| 245 |
_aPinkie Pie's spooky dream / _cJodi Huelin. |
||
| 260 |
_aU.S.A : _bHarper collins, _c2003. |
||
| 440 | _aMy Little Pony | ||
| 999 |
_c106175 _d106175 |
||